Normal view
MARC view
- Riordan, Daniel G
Entry Personal Name
001 - CONTROL NUMBER
- control field: 107737
003 - CONTROL NUMBER IDENTIFIER
- control field: NUST
005 - DATE AND TIME OF LATEST TRANSACTION
- control field: 20230126105450.0
008 - FIXED-LENGTH DATA ELEMENTS
- fixed length control field: 230126|| aca||aabn | a|a d
040 ## - CATALOGING SOURCE
- Original cataloging agency: NUST
- Transcribing agency: NUST
100 ## - HEADING--PERSONAL NAME
- Personal name: Riordan, Daniel G
670 ## - SOURCE DATA FOUND
- Source citation: Work cat.: (NUST)185322: Pauley, Steven E. 107736, Technical report writing today / , c1990.
